00422pab a2200133 454500008004000000100002400040245012100064260000900185300001400194362000800208650001400216700002300230773003500253180718b2010 xxu||||| |||| 00| 0 eng d aBecchetti, Leonardo aThe effects of a calamity on income and wellbeing of poor microfinance borrowers: the case of the 2004 Tsunami shock c2010 ap.211-23. aFeb aDisasters aCastriota, Stefano aJournal of Development Studies